Regulárne výrazy bakalárska práca

Gespeichert in:
Bibliographische Detailangaben
1. Verfasser: Juran, Oliver
Körperschaft: Fakulta hospodárskej informatiky EU. Katedra aplikovanej informatiky
Weitere Verfasser: Kršjak, Miroslav
Format: Buch
Sprache:Slowakisch
Veröffentlicht: Bratislava 2019
Tags: Tag hinzufügen
Keine Tags, Fügen Sie das erste Tag hinzu!

MARC

LEADER 00000nbm a2200000 4500
001 0257907
005 20191206094908.4
041 0 |a slo 
044 |a SK 
245 1 0 |a Regulárne výrazy  |b bakalárska práca  |c Oliver Juran ; školiteľ: Miroslav Kršjak 
264 1 |a Bratislava  |c 2019 
300 |a 45 s. 
100 1 |a Juran, Oliver 
700 1 |a Kršjak, Miroslav 
710 2 |a Fakulta hospodárskej informatiky EU. Katedra aplikovanej informatiky